Selected writings

Saved in:
Bibliographic Details
Other Authors: Giddens, Anthony (Editor)
Format: Book
Language:English
French
Published: Cambridge : University Press, 1972
Subjects:
Tags: Add Tag
No Tags, Be the first to tag this record!

MARC

LEADER 00000cam a2200000 i 4500
001 1/24696
008 960401s1972 eng d
020 |a 0-521-08504-7 
035 |l 10022347 
040 |a GR-MY-UA  |b gre 
041 1 |a eng  |h fre 
082 0 |a 301 
245 1 0 |a Selected writings /  |c edited, translated, and with an introduction by Anthony Giddens 
260 |a Cambridge :   |b University Press,   |c 1972 
300 |a x, 272 p 
504 |a Includes index 
650 0 0 |a Sociology. 
700 1 |4 edt  |a Giddens, Anthony. 
852 |a INST  |b CHIOS  |e 19960401  |h 301 DUR  |p 005200006331  |q 005200006331  |t BK  |y 0 
909 |a Χ  |b 001692 
922 |a 2ΕΛΗ  |b 198512 
970 |a ΣΑΛΑΜΟΥΡΑ  |b ΜΑΡΙΑ  |z 2000/06/16